Southville International School and Colleges
Your cart is empty.
  • Cart
  • Lists
    Public lists Eva Luna New books Lux_list list_1
    Your lists Log in to create your own lists
  • Log in to your account
  • Your cookies
  • Search history
Southville International School and Colleges
  • Advanced search
  • Recent comments
  • Most popular
  • Libraries

Log in to your account

Log in with GOOGLE


If you do not have an external account, but do have a local account, you can still log in:

  1. Home
  2. MARC view: Graphic design solutions /
Normal view MARC view ISBD view

Graphic design solutions / (Record no. 117394)

[ view plain ]
MARC details
000 -LEADER
fixed length control field 00525nam a2200181Ia 4500
008 - FIXED-LENGTH DATA ELEMENTS--GENERAL INFORMATION
fixed length control field 140527s9999 xx 000 0 und d
020 ## - INTERNATIONAL STANDARD BOOK NUMBER
International Standard Book Number 9781285085180
050 ## - LIBRARY OF CONGRESS CALL NUMBER
Classification number NC 997
Item number .L32 2014
100 ## - MAIN ENTRY--PERSONAL NAME
Personal name Landa, Robin
245 ## - TITLE STATEMENT
Title Graphic design solutions /
Statement of responsibility, etc Robin Landa.
250 ## - EDITION STATEMENT
Edition statement 5th ed.
260 ## - PUBLICATION, DISTRIBUTION, ETC. (IMPRINT)
Place of publication, distribution, etc Boston, MA :
Name of publisher, distributor, etc Wadsworth/Cengage Learning,
Date of publication, distribution, etc c2011.
300 ## - PHYSICAL DESCRIPTION
Extent 432 p. :
Other physical details col. ill. ;
Dimensions 28 cm.
500 ## - GENERAL NOTE
General note Includes bibliographical references and index.
521 ## - TARGET AUDIENCE NOTE
Target audience note
942 ## - ADDED ENTRY ELEMENTS (KOHA)
Call number prefix Foreign
Koha item type Books
Holdings
Withdrawn status Lost status Damaged status Home library Current library Shelving location Date acquired Cost, normal purchase price Total Checkouts Full call number Barcode Date last seen Price effective from Koha item type
      College Library College Library Reserve Section 05/28/2014 7699.00   NC 997 .L32 2014 C18002 05/15/2018 05/28/2014 Books

Graphic design solutions /

APA

Landa R., . (2011). Graphic design solutions. Boston, MA: Wadsworth/Cengage Learning.

Chicago

Landa Robin, . 2011. Graphic design solutions. Boston, MA: Wadsworth/Cengage Learning.

Harvard

Landa R., . (2011). Graphic design solutions. Boston, MA: Wadsworth/Cengage Learning.

MLA

Landa Robin, . Graphic design solutions. Boston, MA: Wadsworth/Cengage Learning. 2011.

  • Place hold
  • Print
  • Cite
  • Add to your cart (remove)
  • Save record
    BIBTEX Dublin Core MARCXML MARC (non-Unicode/MARC-8) MARC (Unicode/UTF-8) MARC (Unicode/UTF-8, Standard) MODS (XML) RIS
  • More searches
    Search for this title in:
    Other Libraries (WorldCat) Other Databases (Google Scholar) Online Stores (Bookfinder.com) Open Library (openlibrary.org)

Exporting to Dublin Core...

SOUTHVILLE LIBRARY

Southville International School and Colleges Library

1281 Tropical Ave. Cor. Luxembourg St., BF Homes International, Las Pinas City

Tel. No. 8256374 / 252358 Loc. 117/146

Powered by Koha